Schreibe die Schweizer Parteinamen richtig aus! - Statistiken

Allgemein
  • Dieses Quiz wurde 82 mal gespielt
  • Das Durchschnittsergebnis liegt bei 5 aus 12
Antwortstatistiken
Bildquiz Hint Antwort % Korrekt
SVP - 25,59% Schweizerische Volkspartei
86%
GRÜNE - 13,24% GRÜNE
80%
glp - 7,80% Grünliberale Partei
75%
SP - 16,84% Sozialdemokratische Partei
63%
EVP - 2,08% Evangelische Volkspartei
62%
FDP - 15,11% Freisinnig-Demokratische Partei
35%
PdA - 1,05% (mit Sol) Partei der Arbeit
35%
BDP - 2,47% Bürgerlich-Demokratische Partei
31%
EDU - 1,05% Eidgenössisch-Demokratische Union
26%
CVP - 11,38% Christlichdemokratische Volkspartei
23%
LdT - 0,75% Lega dei Ticinesi
18%
Sol - 1,05% (mit PdA) solidaritéS
14%
Keine übereinstimmenden Quizze gefunden
Verteilung der Resultate
Anzahl Personen mit jedem Resultat
Perzentil nach korrekt beantworteten Fragen
Ihre Resultats-Entwicklung
Sie haben dieses Quiz noch nicht gespielt